00530nam a2200193 a 4500001001300000003000900013005001700022008004100039020001000080082002000090100002300110245005300133260004500186300000900231500003500240505001000275650002800285700002300313nice12345678IN_TiNIC20260116015128.0050524s2001 rawa grd 000 0 eng  ac10000a491.439321bPIE aPieterse, Liberius aEnglish-Urdu Dictionary of Christian Terminology aRawalpindibChristian Study Centrec2001 a105p aincludes index and biblioraphy2 aIndex aDictionary-Urdu-English1 aPieterse, Liberius